MARC

LEADER 00000nam0a2200000 4500
001 223128
005 20231101230514.0
035 |a (RuTPU)RU\TPU\book\243362 
090 |a 223128 
100 |a 20121005d1991 m y0rusy50 ca 
101 0 |a rus 
102 |a RU 
105 |a y z 001ay 
200 1 |a Сочинения  |e в 2 т.  |f Д. Л. Мордовцев 
210 |a Москва  |c Художественная литература  |d 1991 
700 1 |a Мордовцев  |b Д. Л.  |c русский и украинский писатель  |c историк  |f 1830-1905  |g Даниил Лукич  |2 stltpush  |3 (RuTPU)RU\TPU\pers\16920  |9 6122 
801 1 |a RU  |b 63413507  |c 20121005 
801 2 |a RU  |b 63413507  |c 20130405  |g RCR 
942 |c BK